00421nam a2200169Ia 450000500170000000800410001704000190005804100120007708200150008910000200010424500370012426000270016130000110018844000220019965000200022185000100024120230429105829.0131103s9999 xx 000 0 und d aLoreto College aEnglish a823.8bTHA aThackeray, W M  aRoundabout paperscW M Thackeray aLondonbJ M Dentc1946 a362p.  aeverymans library aEnglish fiction aLCLIB